| 000 | 00428nam a2200145 i 4500 | ||
|---|---|---|---|
| 001 | 30329 | ||
| 003 | ES-MaACL | ||
| 007 | t| | ||
| 008 | 030124s1872 xxk ||||1| eng d | ||
| 100 | 1 |
_aBastian, H. Charlton. _926361 |
|
| 245 | 1 | 4 |
_aThe beginnings of life / _cby H. Charlton Bastian. |
| 260 |
_aLondon : _bMacmillan and CÂș, _c1872 ( _eOxford : _fT. Combe) |
||
| 300 |
_a2 v. : _bil. ; _c20 cm. |
||
| 852 |
_aES-MaACL _jG-10930-31 |
||
| 999 |
_c30329 _d30329 |
||